Gramática española y comentario de textos

Сохранить в:
Библиографические подробности
Главный автор: Criado de Val, Manuel
Формат:
Язык:Undetermined
Опубликовано: Madrid, España SAETA 1958
Редактирование:2
Предметы:
Метки: Добавить метку
Нет меток, Требуется 1-ая метка записи!

MARC

LEADER 00000nam a2200000Ia 4500
008 170316s9999 xx 000 0 und d
090 |a 415-E C-10g 
100 |a Criado de Val, Manuel 
245 |a Gramática española y comentario de textos 
250 |a 2 
260 |a Madrid, España 
260 |b SAETA 
260 |c 1958 
300 |a 278 páginas 
650 |a GRAMÁTICA ESPAÑOLA 
999 |c 18930  |d 18930 
040 |a cru BVZT 
942 |c 15 D  |h 415-E C-10g  |2 z